LEADER 00943nam a2200265 i 4500 001 991000200029707536 005 20020527110737.0 008 010810s1970 it ||| | ita 035 $ab10044127-39ule_inst 035 $aPARLA217089$9ExL 040 $aDip.to Filosofia$bita 082 0 $a170 100 1 $aSchopenhauer, Arthur$0134228 245 10$aAforismi sulla saggezza della vita /$cArthur Schopenhauer ; a cura di Eugenio Battisti 260 $aTorino :$bUTET,$c1970 300 $a275 p. ;$c17 cm. 500 $aTit. orig.: Aphorismen zur Lebensweisheit 650 4$aEtica 700 1 $aBattisti, Eugenio 907 $a.b10044127$b21-09-06$c27-06-02 912 $a991000200029707536 945 $aLE005 MF 16 G 38$g1$i2005000212994$lle005$o-$pE0.00$q-$rl$s- $t0$u5$v0$w5$x0$y.i10052094$z27-06-02 996 $aAforismi sulla saggezza della vita$9193019 997 $aUNISALENTO 998 $ale005$b01-01-01$cm$da $e-$fita$git $h0$i1